000 00625cam a22002173a 4500
001 1691
003 PGUSA
005 20230525153741.0
008 990301s1999||||xxu|||||s|||||000 | eng d
040 _aPGUSA
_beng
042 _adc
050 4 _aE838
100 1 _aKing, Martin Luther,
_cJr,
_d1929-1968
245 1 0 _a"I Have a Dream" Speech
_h[electronic resource] /
_cMartin Luther, King
260 _bProject Gutenberg,
_c1999
506 _aPublic domain in the USA.
516 _aText
653 _aAfrican Americans -- Civil rights
830 0 _aProject Gutenberg
_v1691
856 4 0 _uhttp://www.gutenberg.org/ebooks/1691
999 _c15044
_d15044